Regionálny produkt HOREHRONIE a jeho vplyv na regionálny rozvoj bakalárska práca

Saved in:
Bibliographic Details
Main Author: Thinschmidtová, Aneta
Corporate Author: Obchodná fakulta EU. Katedra cestovného ruchu
Other Authors: Gáll, Jozef, 1991-
Format: Book
Language:Slovak
Published: Bratislava 2025
Tags: Add Tag
No Tags, Be the first to tag this record!

MARC

LEADER 00000nbm a2200000 4500
001 0311024
005 20251112135128.4
041 0 |a slo 
044 |a SK 
245 1 0 |a Regionálny produkt HOREHRONIE a jeho vplyv na regionálny rozvoj  |b bakalárska práca  |c Aneta Thinschmidtová ; školiteľ: Jozef Gáll 
264 1 |a Bratislava  |c 2025 
300 |a 54 s. 
100 1 |a Thinschmidtová, Aneta 
700 1 |a Gáll, Jozef, 1991- 
710 2 |a Obchodná fakulta EU. Katedra cestovného ruchu